Advances in numerical methods and analysis / (Record no. 52011)

MARC details
000 -LEADER
fixed length control field 00515nam a2200181Ia 4500
005 - DATE AND TIME OF LATEST TRANSACTION
control field 20260429112032.0
008 - FIXED-LENGTH DATA ELEMENTS--GENERAL INFORMATION
fixed length control field 260429s9999||||xx |||||||||||||| ||und||
020 ## - INTERNATIONAL STANDARD BOOK NUMBER
International Standard Book Number 9781804895245
041 ## - LANGUAGE CODE
Language English
082 ## - DEWEY DECIMAL CLASSIFICATION NUMBER
Classification number 518
Item number RYA
100 ## - MAIN ENTRY--PERSONAL NAME
Personal name Ryan, Greg
245 #0 - TITLE STATEMENT
Title Advances in numerical methods and analysis /
Statement of responsibility, etc Greg Ryan
260 ## - PUBLICATION, DISTRIBUTION, ETC. (IMPRINT)
Place of publication, distribution, etc United Kingdom :
Name of publisher, distributor, etc Brilliant Publication Ltd. ,
Date of publication, distribution, etc 2026.
300 ## - PHYSICAL DESCRIPTION
Extent x, 254 p.; hb
650 ## - SUBJECT ADDED ENTRY--TOPICAL TERM
Topical term or geographic name as entry element Computational mathematics
650 ## - SUBJECT ADDED ENTRY--TOPICAL TERM
Topical term or geographic name as entry element Numerical analysis
942 ## - ADDED ENTRY ELEMENTS (KOHA)
Koha item type Text Books
Holdings
Withdrawn status Lost status Damaged status Not for loan Collection code Home library Location Shelving location Date of Cataloging Source of acquisition Total Checkouts Full call number Barcode Date last seen Price effective from Koha item type
        Non-fiction CUTN Central Library CUTN Central Library Sciences 29/04/2026 Kiran Book Service, New Delhi - Invoice No. IN-00114 on 09-02-2026   518 RYA 57054 29/04/2026 29/04/2026 Text Books